| 000 | 00609nam a2200133Ia 4500 | ||
|---|---|---|---|
| 008 | 171212s9999 xx 000 0 und d | ||
| 020 | _a9780833060242 | ||
| 100 | _aHenry, Keith;Younossi, Obaid;Al-Dafa, Maryah;Culbertson, Shelly;Mattock, Michael G. | ||
| 245 |
_cHenry, Keith;Younossi, Obaid;Al-Dafa, Maryah;Culbertson, Shelly;Mattock, Michael G. _aQatar's School Transportation System _bSupporting Safety, Efficiency, and Service Quality |
||
| 260 |
_bRAND Corporation _c2012 |
||
| 650 | _aHistory | ||
| 650 | _aSchool children -- Transportation -- Qatar | ||
| 856 | _uwww.jstor.org/stable/10.7249/j.ctt3fh1xk | ||
| 999 |
_c352452 _d352452 |
||